Qualitative research in management : methods and experiences /

Bibliographic Details
Other Authors: Gupta, Rajen K., 1950- (Editor), Awasthy, Richa, (Editor)
Format: eBook
Language:English
Published: Los Angeles, [California] : Sage Publications, 2015.
Subjects:
Online Access:Click to View
LEADER 01790nam a2200433 i 4500
001 EBC2007211
003 MiAaPQ
005 20200520144314.0
006 m o d |
007 cr cnu||||||||
008 150410t20152015caua ob 001 0 eng d
020 |z 9789351501039 
020 |a 9789351502241  |q (electronic bk.) 
035 |a (MiAaPQ)EBC2007211 
035 |a (Au-PeEL)EBL2007211 
035 |a (CaPaEBR)ebr11036351 
035 |a (CaONFJC)MIL759412 
035 |a (OCoLC)908047324 
040 |a MiAaPQ  |b eng  |e rda  |e pn  |c MiAaPQ  |d MiAaPQ 
050 4 |a HD30.4  |b .Q354 2015 
082 0 |a 658.0072/1  |2 23 
245 0 0 |a Qualitative research in management :  |b methods and experiences /  |c edited by Rajen K. Gupta and Richa Awasthy. 
264 1 |a Los Angeles, [California] :  |b Sage Publications,  |c 2015. 
264 4 |c 2015 
300 |a 1 online resource (287 pages) :  |b illustrations, tables 
336 |a text  |2 rdacontent 
337 |a computer  |2 rdamedia 
338 |a online resource  |2 rdacarrier 
500 |a Includes index. 
504 |a Includes bibliographical references and index. 
588 |a Description based on print version record. 
590 |a Electronic reproduction. Ann Arbor, MI : ProQuest, 2015. Available via World Wide Web. Access may be limited to ProQuest affiliated libraries. 
650 0 |a Management  |x Research. 
655 4 |a Electronic books. 
700 1 |a Gupta, Rajen K.,  |d 1950-  |e editor. 
700 1 |a Awasthy, Richa,  |e editor. 
776 0 8 |i Print version:  |t Qualitative research in management : methods and experiences.  |d Los Angeles, [California] : Sage Publications, c2015   |h xxii, 258 pages   |z 9789351501039   |w 2014048851 
797 2 |a ProQuest (Firm) 
856 4 0 |u https://ebookcentral.proquest.com/lib/matrademy/detail.action?docID=2007211  |z Click to View